000 00603nam a2200217 a 4500
001 32064
003 AR-BaAGN
005 20231102111756.0
007 ta
008 220625s1943 xx |||||r|||| ||||||spa d
040 _dAR-BaAGN
_aAR-BaAGN
_bspa
_eaacr
100 1 _aDe Carvalho, Ronald
245 1 0 _aPequeña historia de la literatura brasileña
260 _a[Lugar de publicación no identificado] :
_bBiblioteca de autores brasileños,
_c1943.
300 _a441 páginas
336 _2rdacontent
_btxt
337 _2rdamedia
_bn
338 _2rdacarrier
_bnc
942 _cLIBRO
999 _c32064
_d32064